Countries by Year of Independence - Statistics

General Stats
  • This quiz has been taken 28 times
  • The average score is 21 of 85
Answer Stats
Hint Answer % Correct
1776 United States
88%
301 San Marino
75%
2011 South Sudan
75%
1821 Costa Rica / El Salvador / Guatemala / Mexico / Nicaragua / Peru
56%
2006 Montenegro
56%
1991 Armenia / Azerbaijan / Belarus / Croatia / Estonia, Georgia / Kazakhstan / Kyrgyzstan / Latvia / Lithuania / Moldova / North Macedonia / Russia / Slovenia / Tajikistan / Turkmenistan / Ukraine / Uzbekistan
50%
1822 Brazil / Ecuador
50%
2008 Kosovo
50%
1830 Belgium / Greece
44%
1804 Haiti
44%
1947 India / Pakistan
44%
1948 Israel / Myanmar / Sri Lanka
44%
2002 Timor-Leste
44%
1816 Argentina
38%
1825 Bolivia / Uruguay
38%
1810 Chile / Colombia
38%
1993 Czech Republic / Eritrea / Slovakia
38%
1919 Afghanistan
31%
1975 Angola / Cape Verde / Comoros / Mozambique / Papua New Guinea / Sao Tome & Principe / Suriname
31%
1971 Bahrain / Bangladesh / Qatar / United Arab Emirates
31%
1992 Bosnia & Herzegovina
31%
1917 Finland
31%
1871 Germany
31%
1918 Hungary / Poland
31%
1861 Italy
31%
1707 United Kingdom
31%
1912 Albania
25%
1962 Algeria / Burundi / Jamaica / Rwanda / Samoa / Trinidad & Tobago / Uganda
25%
1960 Benin / Burkina Faso / Cameroon / Central African Republic / Chad / D.R. Congo / Republic of the Congo / Cote d'Ivoire / Cyprus / Gabon / Madagascar / Mali / Mauritania / Niger / Nigeria / Senegal / Somalia / Togo
25%
1908 Bulgaria
25%
1957 Ghana / Malaysia
25%
1945 Indonesia / North Korea / South Korea / Vietnam
25%
1946 Jordan / Philippines / Syria
25%
1811 Paraguay / Venezuela
25%
1640 Portugal
25%
1278 Andorra
19%
1981 Antigua & Barbuda / Belize
19%
1966 Barbados / Botswana / Guyana / Lesotho
19%
1867 Canada
19%
1844 Dominican Republic
19%
1978 Dominica / Solomon Islands / Tuvalu
19%
1922 Egypt / Ireland
19%
1968 Equatorial Guinea / Eswatini / Mauritius / Nauru
19%
1965 Gambia / Maldives / Singapore
19%
1944 Iceland
19%
1961 Kuwait / Sierra Leone / Tanzania
19%
1964 Malawi / Malta / Zambia
19%
1986 Marshall Islands / Micronesia
19%
1990 Namibia
19%
1905 Norway
19%
1994 Palau
19%
1903 Panama
19%
1878 Romania / Serbia
19%
1291 Switzerland
19%
1238 Thailand
19%
1923 Turkey
19%
1929 Vatican City
19%
1901 Australia
13%
1973 Bahamas
13%
1953 Cambodia / Laos
13%
1902 Cuba
13%
1970 Fiji / Tonga
13%
1974 Grenada / Guinea-Bissau
13%
1958 Guinea
13%
1979 Iran / Kiribati / St. Lucia / St. Vincent and the Grenadines
13%
1932 Iraq / Saudi Arabia
13%
1963 Kenya
13%
1847 Liberia
13%
1951 Libya / Oman
13%
1956 Morocco / Sudan / Tunisia
13%
1648 Netherlands
13%
1976 Seychelles
13%
1910 / 1994 South Africa
13%
1983 St. Kitts and Nevis
13%
1980 Vanuatu / Zimbabwe
13%
1907 Bhutan / New Zealand
6%
1984 Brunei
6%
1912 / 1949 China
6%
1977 Djibouti
6%
1943 Lebanon
6%
1866 Liechtenstein
6%
1839 Luxembourg
6%
1419 Monaco
6%
1921 Mongolia
0%
1768 Nepal
0%
No matching quizzes found
Score Distribution
Percent of People with Each Score
Percentile by Number Answered
Your Score History
You have not taken this quiz